Entry Nombre personal
001 - NÚMERO DE CONTROL
- campo de control: 234310
003 - IDENTIFICADOR DE NÚMERO DE CONTROL
- campo de control: ES-MaACL
005 - FECHA Y HORA DE LA ÚLTIMA TRANSACCIÓN
- campo de control: 20231218165735.0
008 - ELEMENTOS DE DATO DE LONGITUD-FIJA
- campo de control de longitud fija: 231004|| aca||aabn | a|a d
040 ## - FUENTE DE CATALOGACIÓN
- Centro catalogador/agencia de origen: ES-MaACL
- Centro/agencia transcriptor: ES-MaACL
100 1# - ENCABEZAMIENTO-NOMBRE DE PERSONA
- Nombre de persona: Nistal, Gloria
373 ## - GRUPO ASOCIADO
- Grupo asociado: Ateneo de Madrid
- Fuente de información: Censo mensual de socios 2023
- Período de inicio: 2021
400 1# - TRAZADO DE VÉASE--NOMBRE DE PERSONA
- Nombre de persona: Nistal Rosique, Gloria
670 ## - FUENTE DE DATOS ENCONTRADOS
- Cita de la fuente: Work cat.: (ES-MaACL)193210: Nistal, Gloria XX1740682, Invierno w Warszawie /, imp. 2011
678 ## - DATOS BIOGRÁFICOS O HISTÓRICOS
- Datos biográficos o históricos: Socia del Ateneo de Madrid n. 33365; ingresó el 27/1/2021
- Ampliación de la nota: Censo mensual de socios 2023
